Curso de derecho político : historia del pensamiento político universal y argentino, ciencia política, teoría del estado. /
Guardado en:
| Autor Principal: | |
|---|---|
| Otros Autores: | |
| Formato: | Libro |
| Idioma: | Spanish |
| Publicado: |
Buenos Aires :
Astrea,
2000
|
| Edición: | 4a. ed. act. y amp. |
| Materias: | |
| Etiquetas: |
Agregar Etiqueta
Sin Etiquetas, Sea el primero en etiquetar este registro!
|
| LEADER | 00642nam a22001695a 4500 | ||
|---|---|---|---|
| 001 | DER.der015135 | ||
| 008 | 250218s2000####ag#||||||||||||||#||spa|| | ||
| 005 | 20250218122349.0 | ||
| 245 | 1 | 0 | |a Curso de derecho político : |b historia del pensamiento político universal y argentino, ciencia política, teoría del estado. / |c Horacio Sanguinetti , con prólogo de Jorge Xifra Heras. |
| 250 | |a 4a. ed. act. y amp. | ||
| 260 | |a Buenos Aires : |b Astrea, |c 2000 | ||
| 300 | |a 541 p. | ||
| 020 | |a 9505081707 | ||
| 100 | 1 | |a Sanguinetti, Horacio | |
| 700 | 1 | |a Xifra Heras, Jorge, |e prol. | |
| 650 | 7 | |a CIENCIA POLITICA | |
| 859 | |a DERECHO |b BIB. DERECHO |h 342.029 |i SAN |p 003290 | ||
